Employee relations handbook : forms to use / (Record no. 1389)

MARC details
000 -LEADER
fixed length control field 00660nam a2200217 4500
003 - CONTROL NUMBER IDENTIFIER
control field OSt
005 - DATE AND TIME OF LATEST TRANSACTION
control field 20240626054009.0
008 - FIXED-LENGTH DATA ELEMENTS--GENERAL INFORMATION
fixed length control field 240626b |||||||| |||| 00| 0 eng d
020 ## - INTERNATIONAL STANDARD BOOK NUMBER
International Standard Book Number 9789712723902
040 ## - CATALOGING SOURCE
Original cataloging agency DWCL-Main lib.
Transcribing agency OC
082 ## - DEWEY DECIMAL CLASSIFICATION NUMBER
Classification number Fil. 658.3 J61e 2010
006 - FIXED-LENGTH DATA ELEMENTS--ADDITIONAL MATERIAL CHARACTERISTICS
fixed length control field a
100 ## - MAIN ENTRY--PERSONAL NAME
Personal name Jimenez, Ramon T.
245 ## - TITLE STATEMENT
Title Employee relations handbook : forms to use /
260 ## - PUBLICATION, DISTRIBUTION, ETC.
Place of publication, distribution, etc. Pasig City:
Name of publisher, distributor, etc. Anvil Pub., Inc,
Date of publication, distribution, etc. c2010.
300 ## - PHYSICAL DESCRIPTION
Extent xxi,
Other physical details 376 p. ;
Dimensions 26 cm.
504 ## - BIBLIOGRAPHY, ETC. NOTE
Bibliography, etc. note Includes bibliographical references.<br/>
650 ## - SUBJECT ADDED ENTRY--TOPICAL TERM
Topical term or geographic name entry element 1. Industrial relations-Forms-Philippines.
650 ## - SUBJECT ADDED ENTRY--TOPICAL TERM
Topical term or geographic name entry element 2. Personnel management-Forms.
942 ## - ADDED ENTRY ELEMENTS (KOHA)
Source of classification or shelving scheme Dewey Decimal Classification
Suppress in OPAC No
Koha item type Book-Filipiniana
Call number prefix Fil.
Holdings
Withdrawn status Lost status Source of classification or shelving scheme Damaged status Not for loan Home library Current library Shelving location Date acquired Source of acquisition Total Checkouts Full call number Barcode Date last seen Copy number Price effective from Koha item type Uniform Resource Identifier
    Dewey Decimal Classification     College Library College Library Filipiniana 10/06/2010 School Fund   Fil. 658.3 J61e 2010 47837 06/26/2024 c1 06/26/2024 Book-Filipiniana
    Dewey Decimal Classification     College Library College Library Filipiniana 01/26/2012 School Fund   Fil. 658.3 J61e 2010 49117 06/26/2024 c2 06/26/2024 Book-Filipiniana
    Dewey Decimal Classification     College Library College Library Filipiniana 06/16/2015 School Fund   Fil. 658.3 J61e 2010 51023 06/26/2024 c3 06/26/2024 Book-Filipiniana